000 00676nam a2200169 i 4500
001 39268
003 ES-MaACL
005 20230906155928.0
007 t|
008 030227s1950 sp ||||1| spa d
100 1 _aCamuñas Puig, Antonio.
_934355
245 1 0 _aNuevo generador de descargas eléctricas
_b: su estudio y aplicación al análisis espectroquímico /
_cAntonio Camuñas Puig.
260 _a[S.l. :
_bConsejo Superior de Investigaciones Científicas, Instituto Antonio de G. Rocasolano, de Química y Física,
_c1950.
300 _a55 p. :
_bil. ;
_c24 cm.
710 2 _aInstituto de Química Física "Rocasolano"
_94996
852 _aES-MaACL
_j1925-F-10
_bR.30918
999 _c39268
_d39268